Modern business organisation and management (Record no. 5603)

MARC details
000 -LEADER
fixed length control field 00576cam a2200205ua 4500
001 - CONTROL NUMBER
control field 6459
005 - DATE AND TIME OF LATEST TRANSACTION
control field 20260515114043.0
008 - FIXED-LENGTH DATA ELEMENTS--GENERAL INFORMATION
fixed length control field 131210n ii |||gr||||Z||||||eng
020 ## - INTERNATIONAL STANDARD BOOK NUMBER
International Standard Book Number 81-8318-476-6
040 ## - CATALOGING SOURCE
Transcribing agency MAIN
082 ## - DEWEY DECIMAL CLASSIFICATION NUMBER
Classification number 338.7
245 ## - TITLE STATEMENT
Title Modern business organisation and management
Statement of responsibility, etc. By S.A. Sherlekar
260 ## - PUBLICATION, DISTRIBUTION, ETC.
Place of publication, distribution, etc. Mumbai:
Name of publisher, distributor, etc. Himalaya publishing house,
Date of publication, distribution, etc. 2006.
300 ## - PHYSICAL DESCRIPTION
Extent xxiv,9.64p.
653 ## - INDEX TERM--UNCONTROLLED
Uncontrolled term Commerce
653 ## - INDEX TERM--UNCONTROLLED
Uncontrolled term Modern Business organisation and management
700 ## - ADDED ENTRY--PERSONAL NAME
Personal name Sherlekar,S.A.,
Relator term Author.,
700 1# - ADDED ENTRY--PERSONAL NAME
Personal name Sherlekar,V.S.,
Relator term Author.
942 ## - ADDED ENTRY ELEMENTS (KOHA)
Koha item type Books
Holdings
Withdrawn status Lost status Damaged status Not for loan Home library Current library Shelving location Date acquired Total checkouts Full call number Barcode Date last seen Copy number Price effective from Koha item type
        Naharkatiya College Library Naharkatiya College Library General stacks 09/19/2020   338.7 | SHE 16577 09/19/2020 2 09/19/2020 Books
        Naharkatiya College Library Naharkatiya College Library General stacks 09/19/2020   338.7 | SHE 16578 09/19/2020 1 09/19/2020 Books